WWE FInishers 2 Who uses it? - Statistics

General Stats
  • This quiz has been taken 446 times
  • The average score is 16 of 20
Answer Stats
Hint Answer % Correct
Chokeslam Kane
98%
RKO Randy Orton
93%
F5 Brock Lesnar
88%
Pop Up Powerbomb Kevin Owens
88%
AA John Cena
85%
Superman Punch Roman Reigns
85%
Curb Stomp Seth Rollins
85%
Skull Crushing Finale The Miz
83%
Zig-Zag Dolph Ziggler
82%
Jackhammer Goldberg
82%
Yes Kick Daniel Bryan
80%
Dirty-Deeds Dean Ambrose
80%
Twist Of Fate Matt Hardy
79%
Tombstone Piledriver The Undertaker
79%
End Of Days Baron Corbin
75%
Coup De Grace Finn Balor
75%
Walls Chris Jericho
71%
Figure 8 Charlotte Flair
68%
Ram-Page Paige
67%
Sitting Stunner Stone Cold Steve Austin
40%
No matching quizzes found
Score Distribution
Percent of People with Each Score
Percentile by Number Answered
Your Score History
You have not taken this quiz